Big shoulders / William Jamerson.
Available copies
- 2 of 2 copies available at LARL/NWRL Consortium.
- 2 of 2 copies available at Northwest Regional Library. (Show)
Current holds
0 current holds with 2 total copies.
Show Only Available Copies
| Location | Call Number / Copy Notes | Barcode | Shelving Location | Status | Due Date |
|---|---|---|---|---|---|
| Godel Memorial-Warren Library | JAM (Text) | 35500006807778 | Main | Available | - |
| Red Lake Falls Public Library | JAM (Text) | 35500005189863 | Main | Available | - |
Record details
- ISBN: 9781882882120 (pbk.)
- ISBN: 1882882121 (pbk.)
- Physical Description: vii, 325 pages ; 22 cm
- Edition: Rev.
- Publisher: Escanaba, Michigan : Pine Stump Publishing, 2009.
- Copyright: ©2007
Content descriptions
| Summary, etc.: | Faced with the choice of serving out probation or ... Read More |
Search for related items by subject
| Genre: | Bildungsromans. Historical fiction. Fiction. |
| LDR | 02188cam a2200469Ii 4500 | ||
|---|---|---|---|
| 001 | 147141 | ||
| 003 | LARL_NWRL_CONSORTIUM | ||
| 005 | 20150915151218.0 | ||
| 008 | 130503s2009 miu 000 1 eng d | ||
| 020 | . | ‡a9781882882120 (pbk.) | |
| 020 | . | ‡a1882882121 (pbk.) | |
| 035 | . | ‡a(OCoLC)841579805 | |
| 040 | . | ‡aIHI ‡beng ‡erda ‡cIHI ‡dIHI ‡dOCLCQ ‡dOCLCF ‡dOCLCO ‡dOCLCA | |
| 043 | . | ‡an-us-mi | |
| 082 | 0 | 4. | ‡a813.6 ‡223 |
| 100 | 1 | . | ‡aJamerson, William. |
| 245 | 1 | 0. | ‡aBig shoulders / ‡cWilliam Jamerson. |
| 250 | . | ‡aRev. | |
| 264 | 1. | ‡aEscanaba, Michigan : ‡bPine Stump Publishing, ‡c2009. | |
| 264 | 4. | ‡c©2007 | |
| 300 | . | ‡avii, 325 pages ; ‡c22 cm | |
| 336 | . | ‡atext ‡btxt ‡2rdacontent | |
| 337 | . | ‡aunmediated ‡bn ‡2rdamedia | |
| 338 | . | ‡avolume ‡bnc ‡2rdacarrier | |
| 520 | . | ‡aFaced with the choice of serving out probation or joining the Civilian Conservation Corps, seventeen-year-old Nick Radzinski arrives at Camp Raco in Michigan's Upper Peninsula on a cold April day in 1937 with one chance to shed his reputation as a thief. | |
| 650 | 0. | ‡aTeenage boys ‡vFiction. ‡0(LARL_NWRL_CONSORTIUM)167627 | |
| 610 | 2 | 0. | ‡aCivilian Conservation Corps (U.S.) ‡vFiction. |
| 650 | 0. | ‡aDepressions ‡y1929 ‡zMichigan ‡zUpper Peninsula ‡vFiction. | |
| 610 | 2 | 7. | ‡aCivilian Conservation Corps (U.S.) ‡2fast ‡0(LARL_NWRL_CONSORTIUM)59649 |
| 650 | 7. | ‡aDepressions. ‡2fast ‡0(LARL_NWRL_CONSORTIUM)18418 | |
| 650 | 7. | ‡2fast ‡aTeenage boys ‡0(LARL_NWRL_CONSORTIUM)12797 | |
| 651 | 7. | ‡aMichigan ‡zUpper Peninsula. ‡2fast | |
| 648 | 7. | ‡a1929 ‡2fast | |
| 655 | 7. | ‡aBildungsromans. ‡2gsafd | |
| 655 | 7. | ‡aHistorical fiction. ‡2gsafd | |
| 655 | 7. | ‡aFiction. ‡2fast | |
| 901 | . | ‡a147141 ‡bOCLC ‡c147141 ‡tbiblio | |

Add to basket
Permalink
Disable Highlighting